| 000 | 00593nam a2200193 a 4500 | ||
|---|---|---|---|
| 001 | 1803 | ||
| 003 | CDMR | ||
| 005 | 20140414134201.0 | ||
| 008 | 130130s2008||||||||||||||||||||||||||||d | ||
| 020 | _a9788497797207 | ||
| 040 |
_aCDMR _bcat _cCDMR |
||
| 100 | 1 |
_91346 _aKap |
|
| 245 | 1 | 2 |
_aL'humor gràfic de Tísner _b: una aproximació a les caricatures d'Avel.lí Artís-Gener _cJaume Capdevila ; pòleg de José M. Murià |
| 260 |
_aLleida _c2008 _bPagès |
||
| 490 | 0 |
_aRetalls _v9 |
|
| 600 | 1 |
_92923 _aArtís-Gener, Avel·lí _d1912-2000 |
|
| 650 | 0 |
_93084 _aHumorisme gràfic |
|
| 942 |
_cMON _2udc |
||
| 999 |
_c1803 _d1803 |
||